A kicsik is útra kelhetnek

Bibliographic Details
Main Author: Poór, József, 1950- (Author, Interviewer)
Format: Article
Language:Hungarian
PhysicalDescription:Fotogr.
Subjects:

MARC

LEADER 00000nab a2200000 ar4500
001 vtls008959189
003 SK-MaSNL
005 20260319071339.0
008 070302c2007 xo |||||||| 000 b|hun
015 |a SNBRB2007/03  |2 snkbucl 
038 |a SNKBUCL 
040 |a DSZK  |b slo  |c DSZK  |e AACR2 
041 0 |a hun 
044 |a xo  |c SK 
080 |a 797.14.071  |2 1997 
080 |a 910.4:797.14  |2 1997 
100 1 |a Poór, József,  |d 1950-  |4 ivr  |4 aut  |9 111873 
245 1 0 |a A kicsik is útra kelhetnek  |c Poór József 
300 |b Fotogr. 
600 1 7 |a Méder, István,  |d 1951-  |2 snkbucl  |9 1044407 
600 1 7 |a Méder, Áron,  |d 1979-  |2 snkbucl  |9 748072 
650 0 7 |a plachtenie  |x expedície  |2 snkbucl  |9 1032023 
650 0 7 |a Carina (plachetnica)  |2 snkbucl  |9 1032024 
655 7 |a rozhovory  |2 snkbucl  |9 31831 
773 0 |t Vasárnap  |g Évf. 40, sz. 9 (2007), o. 16-17 
852 |a SNK  |b KIS3GCP 
852 |a DSZK  |b KIS3GCP 
958 |a HU 
999 |c 1758074  |d 1760004